| 000 | 00868nam a2200265 i 4500 | ||
|---|---|---|---|
| 001 | 184120 | ||
| 003 | ES-MaACL | ||
| 005 | 20250717063053.0 | ||
| 008 | 150320s1964 sp |||| |dspa d | ||
| 080 | _a821.134.2-2"19" | ||
| 080 | _a821.134.2 Sastre, Alfonso 1.07 | ||
| 100 | 1 |
_aSastre, Alfonso, _d1926- _9103915 |
|
| 245 | 1 | 0 |
_aCargamento de sueños _b; Prólogo patético ; Asalto nocturno. |
| 260 |
_aMadrid : _bTaurus, _c[1964] |
||
| 300 |
_a254 p. ; _c18 cm. |
||
| 490 | 1 |
_aPrimer Acto ; _v3 |
|
| 504 | _aBibliografía: p. [129]-136. | ||
| 598 | _aColección de teatro dir. por José Monleón. | ||
| 600 | 1 | 4 |
_aSastre, Alfonso, _d1926- _xCrítica e interpretación _9103916 |
| 740 | 0 | _aPrólogo patético. | |
| 740 | 0 | _aAsalto nocturno. | |
| 830 | 0 |
_aPrimer Acto ; _v3 _9182624 |
|
| 852 |
_aES-MaACL _jE-15507 |
||
| 999 |
_c184120 _d184120 |
||